[Event "Rusia ch Superfinal"]
[Site "Moscú RUS"]
[Date "2006.12.03"]
[Round "1.1"]
[White "Nepomniachtchi, Ian"]
[Black "Grigoriants, Sergey"]
[Result "1/2-1/2"]
[WhiteElo "2545"]
[BlackElo "2582"]
[PlyCount "79"]
[EventDate "2006.12.03"]
[EventType "tourn"]
[EventRounds "11"]
[EventCountry "RUS"]
[EventCategory "15"]
[Source "lmi"]
[SourceDate "2006.12.03"]

1. e4 c6 2. Nc3 d5 3. Nf3 Bg4 4. h3 Bxf3 5. Qxf3 e6 6. g3 Nf6 7. Bg2 Bb4 8. O-O
Nbd7 9. a3 Bxc3 10. Qxc3 dxe4 11. b3 Qe7 12. d3 exd3 13. a4 O-O 14. Ba3 c5 15.
Qxd3 Rab8 16. Rad1 Rfd8 17. Qc4 b6 18. Bb2 Nf8 19. a5 Nd5 20. Rfe1 Nc7 21. Qe4
Nb5 22. Be5 Rxd1 23. Rxd1 Rd8 24. Rxd8 Qxd8 25. a6 f6 26. Bf1 fxe5 27. Bxb5 Qd5
28. Qh4 Ng6 29. Qa4 Kf7 30. Bd3 Ne7 31. Qh4 Nf5 32. Qh5+ Kf6 33. g4 e4 34. Bc4
Qd1+ 35. Bf1 g5 36. Qe8 Nd4 37. Qf8+ Kg6 38. Qg8+ Kf6 39. Qf8+ Kg6 40. Qg8+
1/2-1/2

[Event "Rusia ch Superfinal"]
[Site "Moscú RUS"]
[Date "2006.12.03"]
[Round "1.2"]
[White "Khairullin, Ildar"]
[Black "Alekseev, Evgeny"]
[Result "1/2-1/2"]
[WhiteElo "2543"]
[BlackElo "2639"]
[PlyCount "79"]
[EventDate "2006.12.03"]
[EventType "tourn"]
[EventRounds "11"]
[EventCountry "RUS"]
[EventCategory "15"]
[Source "lmi"]
[SourceDate "2006.12.03"]

1. e4 c5 2. Nf3 d6 3. d4 cxd4 4. Nxd4 Nf6 5. Nc3 a6 6. Be3 e5 7. Nf3 Be7 8. Bc4
O-O 9. O-O Nc6 10. Qe2 Na5 11. Bb3 h6 12. Rfd1 Nxb3 13. cxb3 Qe8 14. Ne1 b5 15.
Nd3 a5 16. b4 a4 17. Ne1 Bb7 18. Qxb5 Bxe4 19. Qxe8 Rfxe8 20. Nxe4 Nxe4 21. a3
f5 22. Rac1 Rec8 23. Nd3 Kf7 24. f4 Ke6 25. g4 fxg4 26. fxe5 dxe5 27. b5 Rxc1
28. Rxc1 Rd8 29. Nb4 Bg5 30. Bxg5 Nxg5 31. Kf2 Ne4+ 32. Ke3 Nd6 33. b6 Rb8 34.
Rc6 Kd7 35. Rc7+ Ke6 36. Rc6 Kd7 37. Rc7+ Ke6 38. Rc6 Rb7 39. Nd3 Rb8 40. Nb4
1/2-1/2

[Event "Rusia ch Superfinal"]
[Site "Moscú RUS"]
[Date "2006.12.03"]
[Round "1.3"]
[White "Najer, Evgeniy"]
[Black "Tomashevsky, Evgeny"]
[Result "1/2-1/2"]
[WhiteElo "2648"]
[BlackElo "2595"]
[PlyCount "46"]
[EventDate "2006.12.03"]
[EventType "tourn"]
[EventRounds "11"]
[EventCountry "RUS"]
[EventCategory "15"]
[Source "lmi"]
[SourceDate "2006.12.03"]

1. d4 Nf6 2. c4 e6 3. Nc3 Bb4 4. g3 d6 5. Bg2 Nbd7 6. Nf3 Bxc3+ 7. bxc3 O-O 8.
O-O Rb8 9. Re1 b6 10. e4 Bb7 11. Qc2 h6 12. h3 Re8 13. g4 e5 14. g5 hxg5 15.
Bxg5 Nf8 16. Rad1 Qe7 17. Nh4 g6 18. Nf3 Ne6 19. Bh4 Nf4 20. Nh2 Bc8 21. Bg5
Ne6 22. Bh4 Nf4 23. Bg5 Ne6 1/2-1/2

[Event "Rusia ch Superfinal"]
[Site "Moscú RUS"]
[Date "2006.12.03"]
[Round "1.5"]
[White "Vitiugov, Nikita"]
[Black "Khismatullin, Denis"]
[Result "0-1"]
[WhiteElo "2596"]
[BlackElo "2583"]
[PlyCount "86"]
[EventDate "2006.12.03"]
[EventType "tourn"]
[EventRounds "11"]
[EventCountry "RUS"]
[EventCategory "15"]
[Source "lmi"]
[SourceDate "2006.12.03"]

1. d4 Nf6 2. c4 e6 3. Nf3 b6 4. Nc3 Bb7 5. a3 d5 6. cxd5 Nxd5 7. e3 Nd7 8. Bd3
N5f6 9. e4 c5 10. d5 exd5 11. exd5 Bd6 12. O-O O-O 13. Re1 a6 14. Bc2 h6 15.
Nh4 Qc7 16. h3 Rfe8 17. Be3 Ne5 18. b3 Rad8 19. f4 Ned7 20. Qf3 b5 21. Nf5 Bf8
22. Rac1 g6 23. Ng3 Nb6 24. f5 g5 25. Nge4 Nfxd5 26. Nxd5 Nxd5 27. Qf2 c4 28.
bxc4 Nxe3 29. Nf6+ Kh8 30. Nxe8 Rxe8 31. Bb3 Qe5 32. cxb5 Bxa3 33. bxa6 Bxa6
34. Rc6 Bb7 35. Rxh6+ Kg7 36. Rb6 Ba8 37. f6+ Kg6 38. Bc2+ Kh6 39. Rxe3 Qxe3
40. Qxe3 Rxe3 41. Rb8 Be4 42. Rh8+ Kg6 43. Re8 Bxc2 0-1

[Event "Rusia ch Superfinal"]
[Site "Moscú RUS"]
[Date "2006.12.03"]
[Round "1.6"]
[White "Jakovenko, Dmitrij"]
[Black "Svidler, Peter"]
[Result "1/2-1/2"]
[WhiteElo "2671"]
[BlackElo "2750"]
[PlyCount "44"]
[EventDate "2006.12.03"]
[EventType "tourn"]
[EventRounds "11"]
[EventCountry "RUS"]
[EventCategory "15"]
[Source "lmi"]
[SourceDate "2006.12.03"]

1. e4 e5 2. Nf3 Nc6 3. Bb5 a6 4. Ba4 Nf6 5. O-O Be7 6. Re1 b5 7. Bb3 O-O 8. a3
h6 9. d4 d6 10. c3 Re8 11. Nbd2 Bf8 12. Nf1 Na5 13. Bc2 Bd7 14. Ng3 c5 15. b3
Nc6 16. h3 Qc7 17. d5 Ne7 18. Be3 Nh7 19. Qd2 Ng6 20. b4 a5 21. Nh5 c4 22. Reb1
Reb8 1/2-1/2

[Event "Rusia ch Superfinal"]
[Site "Moscú RUS"]
[Date "2006.12.04"]
[Round "2.1"]
[White "Grigoriants, Sergey"]
[Black "Svidler, Peter"]
[Result "1/2-1/2"]
[WhiteElo "2582"]
[BlackElo "2750"]
[PlyCount "39"]
[EventDate "2006.12.03"]
[EventType "tourn"]
[EventRounds "11"]
[EventCountry "RUS"]
[EventCategory "15"]
[Source "lmi"]
[SourceDate "2006.12.03"]

1. d4 Nf6 2. c4 g6 3. Nc3 d5 4. Qb3 dxc4 5. Qxc4 Bg7 6. e4 O-O 7. Be2 Na6 8.
Nf3 c5 9. d5 e6 10. O-O exd5 11. exd5 Bf5 12. Be3 Qb6 13. Nh4 Bd7 14. Rab1 Rfe8
15. Rfd1 Rac8 16. h3 Qa5 17. Nf3 Nb4 18. Rbc1 b5 19. Qh4 Na6 20. a3 1/2-1/2

[Event "Rusia ch Superfinal"]
[Site "Moscú RUS"]
[Date "2006.12.04"]
[Round "2.2"]
[White "Khismatullin, Denis"]
[Black "Jakovenko, Dmitrij"]
[Result "1/2-1/2"]
[WhiteElo "2583"]
[BlackElo "2671"]
[PlyCount "44"]
[EventDate "2006.12.03"]
[EventType "tourn"]
[EventRounds "11"]
[EventCountry "RUS"]
[EventCategory "15"]
[Source "lmi"]
[SourceDate "2006.12.03"]

1. c4 c6 2. e4 d5 3. exd5 cxd5 4. d4 Nf6 5. Nc3 Nc6 6. Nf3 Bg4 7. cxd5 Nxd5 8.
Qb3 Bxf3 9. gxf3 e6 10. Qxb7 Nxd4 11. Bb5+ Nxb5 12. Qc6+ Ke7 13. Qxb5 Qd7 14.
Bg5+ f6 15. Nxd5+ exd5 16. Qxd7+ Kxd7 17. Be3 Bb4+ 18. Ke2 Rhc8 19. Rhc1 a5 20.
Rxc8 Rxc8 21. Rc1 Rxc1 22. Bxc1 a4 1/2-1/2

[Event "Rusia ch Superfinal"]
[Site "Moscú RUS"]
[Date "2006.12.04"]
[Round "2.3"]
[White "Inarkiev, Ernesto"]
[Black "Vitiugov, Nikita"]
[Result "1-0"]
[WhiteElo "2628"]
[BlackElo "2596"]
[PlyCount "63"]
[EventDate "2006.12.03"]
[EventType "tourn"]
[EventRounds "11"]
[EventCountry "RUS"]
[EventCategory "15"]
[Source "lmi"]
[SourceDate "2006.12.03"]

1. e4 c5 2. Nf3 e6 3. Nc3 Nc6 4. d4 cxd4 5. Nxd4 Qc7 6. Be3 Nf6 7. f4 Bb4 8.
Ndb5 Qa5 9. e5 Ne4 10. Qd3 Nxc3 11. bxc3 Be7 12. g3 O-O 13. Bg2 f6 14. exf6
Bxf6 15. O-O d5 16. Rfe1 Bd7 17. Bh3 Rac8 18. Rab1 Ne7 19. Bd2 Qa6 20. Nd4
Bxd4+ 21. cxd4 Rc4 22. Bb4 Rf7 23. Bxe7 Rxe7 24. f5 Qxa2 25. Rxb7 Qa5 26. Qf1
Rf7 27. Qe2 Rxc2 28. fxe6 Rf8 29. Qe3 Bc8 30. e7 Re8 31. Rf1 Qa6 32. Rf8+ 1-0

[Event "Rusia ch Superfinal"]
[Site "Moscú RUS"]
[Date "2006.12.04"]
[Round "2.5"]
[White "Alekseev, Evgeny"]
[Black "Najer, Evgeniy"]
[Result "1-0"]
[WhiteElo "2639"]
[BlackElo "2648"]
[PlyCount "149"]
[EventDate "2006.12.03"]
[EventType "tourn"]
[EventRounds "11"]
[EventCountry "RUS"]
[EventCategory "15"]
[Source "lmi"]
[SourceDate "2006.12.03"]

1. e4 c5 2. Nf3 d6 3. d4 cxd4 4. Nxd4 Nf6 5. Nc3 a6 6. g3 e6 7. Bg2 Bd7 8. g4
h6 9. h4 g6 10. g5 hxg5 11. Bxg5 Be7 12. Qd2 Nc6 13. O-O-O Qb6 14. Nxc6 Bxc6
15. Rhe1 Ng8 16. Bxe7 Nxe7 17. Qf4 Rd8 18. Qf6 Rh5 19. Rd2 Kf8 20. Bf3 Ng8 21.
Qf4 Rh6 22. h5 Qc5 23. Rg1 Ke7 24. Rg5 e5 25. Qg3 Nf6 26. hxg6 Rxg6 27. Rxg6
fxg6 28. Qxg6 Rg8 29. Qh6 Rg1+ 30. Bd1 Rg2 31. Qh4 b5 32. Bf3 Rg1+ 33. Rd1
Rxd1+ 34. Nxd1 Qc4 35. Ne3 Qxa2 36. Nf5+ Ke6 37. Qh3 Qa1+ 38. Kd2 Nxe4+ 39.
Bxe4 Bxe4 40. Ne3+ Kf7 41. Qd7+ Kf8 42. Qxd6+ Kf7 43. Ng4 Qg1 44. Qf6+ Kg8 45.
Qg5+ Kf8 46. Qh6+ Kf7 47. Nxe5+ Kg8 48. Qe6+ Kg7 49. Qf7+ Kh8 50. Qf4 Qg2 51.
b4 Bd5 52. Ke3 Kg7 53. Qg4+ Qxg4 54. Nxg4 Be6 55. Kf4 Kg6 56. Ne3 Kf6 57. Ke4
Bf7 58. Kd4 Ke6 59. Kc5 Ke5 60. Kb6 Be8 61. Kxa6 Ke4 62. Kb6 Kd4 63. Ka5 Bd7
64. Kb6 Be8 65. Nf5+ Ke5 66. Ne7 Kd4 67. f4 Kc4 68. Nc6 Kd5 69. Ne5 Kd4 70. c3+
Kd5 71. Nf3 Ke4 72. Nd4 Kxf4 73. Nxb5 Ke3 74. Nd6 Ba4 75. Kc5 1-0

[Event "Rusia ch Superfinal"]
[Site "Moscú RUS"]
[Date "2006.12.04"]
[Round "2.6"]
[White "Nepomniachtchi, Ian"]
[Black "Khairullin, Ildar"]
[Result "0-1"]
[WhiteElo "2545"]
[BlackElo "2543"]
[PlyCount "116"]
[EventDate "2006.12.03"]
[EventType "tourn"]
[EventRounds "11"]
[EventCountry "RUS"]
[EventCategory "15"]
[Source "lmi"]
[SourceDate "2006.12.03"]

1. e4 e5 2. Nf3 Nc6 3. Bb5 a6 4. Ba4 Nf6 5. Qe2 Be7 6. c3 b5 7. Bc2 d6 8. d4
exd4 9. Nxd4 Bb7 10. Nf5 O-O 11. Bg5 Nd7 12. h4 Bf6 13. Nd2 b4 14. Rh3 Kh8 15.
f4 bxc3 16. bxc3 Ne7 17. Rb1 Bc6 18. Bxf6 Nxf6 19. Nd4 Bd7 20. e5 Nfd5 21. Rh1
Nxf4 22. Qe4 Neg6 23. h5 dxe5 24. hxg6 fxg6 25. Nc6 Bxc6 26. Qxc6 Qg5 27. Be4
Rad8 28. Rb2 Rd6 29. Qxc7 Rfd8 30. Nf1 Ne6 31. Qb8 Rd1+ 32. Kf2 Qf4+ 33. Bf3
Rxb8 34. Rxb8+ Rd8 35. Rxd8+ Nxd8 36. Ng3 h6 37. Ne4 Ne6 38. Re1 Kh7 39. g3 Qf8
40. Re2 Qc8 41. Bg4 Qc4 42. Bxe6 Qxe6 43. Ke3 a5 44. Rd2 a4 45. Nd6 Qh3 46. Ne4
Qf1 47. Re2 g5 48. c4 Qc1+ 49. Kd3 Qd1+ 50. Nd2 Qg1 51. Re3 Qa1 52. Re2 Qxa2
53. Rxe5 Qa3+ 54. Kc2 Qxg3 55. Re6 Qf2 56. Re5 g4 57. c5 Qd4 58. Rf5 Kg6 0-1

[Event "Rusia ch Superfinal"]
[Site "Moscú RUS"]
[Date "2006.12.05"]
[Round "3.1"]
[White "Khairullin, Ildar"]
[Black "Grigoriants, Sergey"]
[Result "1/2-1/2"]
[WhiteElo "2543"]
[BlackElo "2582"]
[PlyCount "37"]
[EventDate "2006.12.03"]
[EventType "tourn"]
[EventRounds "11"]
[EventCountry "RUS"]
[EventCategory "15"]
[Source "lmi"]
[SourceDate "2006.12.03"]

1. e4 c6 2. d4 d5 3. e5 Bf5 4. Nf3 e6 5. Be2 Ne7 6. O-O Ng6 7. Be3 Nd7 8. Ne1
h5 9. c3 Qb6 10. b3 h4 11. Nd3 c5 12. dxc5 Qc7 13. b4 Ngxe5 14. Nxe5 Qxe5 15.
Bd4 Qc7 16. c4 dxc4 17. Bxc4 h3 18. g3 Qc6 19. f3 1/2-1/2

[Event "Rusia ch Superfinal"]
[Site "Moscú RUS"]
[Date "2006.12.05"]
[Round "3.2"]
[White "Najer, Evgeniy"]
[Black "Nepomniachtchi, Ian"]
[Result "0-1"]
[WhiteElo "2648"]
[BlackElo "2545"]
[PlyCount "110"]
[EventDate "2006.12.03"]
[EventType "tourn"]
[EventRounds "11"]
[EventCountry "RUS"]
[EventCategory "15"]
[Source "lmi"]
[SourceDate "2006.12.03"]

1. Nf3 d5 2. d4 c6 3. c4 e6 4. e3 Nf6 5. Bd3 Nbd7 6. b3 Bd6 7. Bb2 O-O 8. Nbd2
b6 9. O-O Bb7 10. Qe2 Qe7 11. e4 dxe4 12. Nxe4 Nxe4 13. Qxe4 f5 14. Qe3 c5 15.
Rfe1 Rae8 16. Ng5 e5 17. d5 e4 18. Bf1 Ne5 19. f4 exf3 20. Nxf3 Nxf3+ 21. Qxf3
Qxe1 22. Rxe1 Rxe1 23. Bc3 Re7 24. Bd2 f4 25. Bd3 g6 26. h3 Bc8 27. Bc2 Rff7
28. Bd3 Kf8 29. a3 a5 30. Qf1 Ke8 31. Be2 Kd8 32. Bg4 Bxg4 33. hxg4 Re4 34. Qf3
Rfe7 35. g5 Kc7 36. Qg4 Rd4 37. Bc3 Rd3 38. Bf6 Rg3 39. Qh4 Rd7 40. Kf1 b5 41.
cxb5 Kb6 42. a4 Kb7 43. Kf2 Bc7 44. Qh1 Rxb3 45. Qd1 Re3 46. Kf1 c4 47. Kg1 c3
48. Qb3 Bb6 49. Kh2 f3 50. gxf3 Rxf3 51. Qc4 Rc7 52. Qe4 Re3 53. Qg2 c2 54. d6+
Ka7 55. d7 Rc4 0-1

[Event "Rusia ch Superfinal"]
[Site "Moscú RUS"]
[Date "2006.12.05"]
[Round "3.4"]
[White "Vitiugov, Nikita"]
[Black "Tomashevsky, Evgeny"]
[Result "1/2-1/2"]
[WhiteElo "2596"]
[BlackElo "2595"]
[PlyCount "29"]
[EventDate "2006.12.03"]
[EventType "tourn"]
[EventRounds "11"]
[EventCountry "RUS"]
[EventCategory "15"]
[Source "lmi"]
[SourceDate "2006.12.03"]

1. d4 Nf6 2. c4 e6 3. Nf3 b6 4. Nc3 Bb4 5. Bg5 Bb7 6. Nd2 h6 7. Bh4 Nc6 8. e3
Ne7 9. Bxf6 gxf6 10. Qb3 c5 11. d5 f5 12. O-O-O Ng6 13. a3 Bxc3 14. Qxc3 Qc7
15. Bd3 1/2-1/2

[Event "Rusia ch Superfinal"]
[Site "Moscú RUS"]
[Date "2006.12.05"]
[Round "3.5"]
[White "Jakovenko, Dmitrij"]
[Black "Inarkiev, Ernesto"]
[Result "1-0"]
[WhiteElo "2671"]
[BlackElo "2628"]
[PlyCount "127"]
[EventDate "2006.12.03"]
[EventType "tourn"]
[EventRounds "11"]
[EventCountry "RUS"]
[EventCategory "15"]
[Source "lmi"]
[SourceDate "2006.12.03"]

1. e4 e5 2. Nf3 Nc6 3. Bb5 a6 4. Ba4 Nf6 5. O-O Be7 6. d3 d6 7. c3 O-O 8. Re1
Re8 9. d4 Bd7 10. d5 Nb8 11. Bxd7 Nbxd7 12. c4 g6 13. Nc3 Nh5 14. Rb1 Ng7 15.
b4 b6 16. a4 a5 17. bxa5 Rxa5 18. Nd2 Nc5 19. Ba3 Nb7 20. Bb4 Ra7 21. Ra1 Qd7
22. Nb3 Rea8 23. Qd2 f5 24. f4 Bf6 25. exf5 gxf5 26. fxe5 dxe5 27. Rf1 Nd6 28.
c5 bxc5 29. Nxc5 Qf7 30. a5 Rb8 31. Rab1 e4 32. a6 Qe7 33. N5xe4 Rba8 34. Nc5
Bg5 35. Rfe1 Bxd2 36. Rxe7 Rb8 37. Ba3 Rxb1+ 38. Nxb1 Ba5 39. Kf1 Nge8 40. Ke2
Bb6 41. Nc3 Nf6 42. Ne6 Nfe8 43. Na4 Rxa6 44. Bxd6 Nxd6 45. Nxb6 Rxb6 46. Rg7+
Kh8 47. Rxc7 h6 48. Kf3 Rb2 49. Kf4 Re2 50. h3 Kg8 51. Rg7+ Kh8 52. Rg6 Re4+
53. Kg3 Re3+ 54. Kh4 Nf7 55. Rf6 Kg8 56. Rxf5 Rd3 57. Nf4 Re3 58. g4 Kg7 59.
Nh5+ Kg8 60. Rf6 Kf8 61. Ng3 Kg7 62. Nf5+ Kxf6 63. Nxe3 Ng5 64. d6 1-0

[Event "Rusia ch Superfinal"]
[Site "Moscú RUS"]
[Date "2006.12.05"]
[Round "3.6"]
[White "Svidler, Peter"]
[Black "Khismatullin, Denis"]
[Result "1-0"]
[WhiteElo "2750"]
[BlackElo "2583"]
[PlyCount "83"]
[EventDate "2006.12.03"]
[EventType "tourn"]
[EventRounds "11"]
[EventCountry "RUS"]
[EventCategory "15"]
[Source "lmi"]
[SourceDate "2006.12.03"]

1. e4 c5 2. Nf3 d6 3. d4 cxd4 4. Nxd4 Nf6 5. Nc3 a6 6. Be3 e5 7. Nb3 Be6 8. Qd2
Nbd7 9. f4 Qc7 10. O-O-O b5 11. Kb1 Rc8 12. h3 h5 13. Bd3 Be7 14. Rhe1 Nb6 15.
Bxb6 Qxb6 16. Nd5 Qb7 17. Na5 Qa7 18. Nxe7 Qxe7 19. f5 Bd7 20. c4 h4 21. cxb5
axb5 22. Bc2 O-O 23. Qxd6 Qd8 24. b4 Qc7 25. Qxc7 Rxc7 26. Bd3 Rfc8 27. Rc1 Kf8
28. Rxc7 Rxc7 29. Nb3 Ke7 30. Nd2 Nh5 31. Nf3 Kf6 32. Nxh4 Kg5 33. Nf3+ Kf4 34.
Kb2 f6 35. Nd2 Kg3 36. Re2 Bc6 37. Nf1+ Kh4 38. Re3 Rd7 39. Nd2 Rd6 40. Nf3+
Kg3 41. Nxe5+ Kf4 42. Ng4 1-0

[Event "Rusia ch Superfinal"]
[Site "Moscú RUS"]
[Date "2006.12.06"]
[Round "4.1"]
[White "Grigoriants, Sergey"]
[Black "Khismatullin, Denis"]
[Result "1/2-1/2"]
[WhiteElo "2582"]
[BlackElo "2583"]
[PlyCount "64"]
[EventDate "2006.12.03"]
[EventType "tourn"]
[EventRounds "11"]
[EventCountry "RUS"]
[EventCategory "15"]
[Source "lmi"]
[SourceDate "2006.12.03"]

1. d4 Nf6 2. c4 e6 3. Nf3 b6 4. g3 Ba6 5. Nbd2 d5 6. Bg2 Be7 7. cxd5 exd5 8.
Ne5 O-O 9. O-O c5 10. dxc5 bxc5 11. b3 Re8 12. Bb2 Nbd7 13. Ndf3 Nxe5 14. Nxe5
Rc8 15. Bf3 Bf8 16. Rc1 Qd6 17. Nd3 Ne4 18. Rc2 Ng5 19. Bg2 Ne6 20. Ne5 d4 21.
Nd3 c4 22. bxc4 Bxc4 23. Qd2 Bxa2 24. Ra1 Bb3 25. Rxc8 Rxc8 26. Rxa7 Rc2 27.
Qe1 Bc4 28. Ba3 Qb6 29. Ra8 Ra2 30. Bxf8 Bb5 31. Qb4 Qc7 32. Qe1 Bc4 1/2-1/2

[Event "Rusia ch Superfinal"]
[Site "Moscú RUS"]
[Date "2006.12.06"]
[Round "4.3"]
[White "Tomashevsky, Evgeny"]
[Black "Jakovenko, Dmitrij"]
[Result "0-1"]
[WhiteElo "2595"]
[BlackElo "2671"]
[PlyCount "98"]
[EventDate "2006.12.03"]
[EventType "tourn"]
[EventRounds "11"]
[EventCountry "RUS"]
[EventCategory "15"]
[Source "lmi"]
[SourceDate "2006.12.03"]

1. Nf3 Nf6 2. c4 c5 3. Nc3 Nc6 4. g3 d5 5. cxd5 Nxd5 6. Bg2 Nc7 7. O-O e5 8. a3
f6 9. Rb1 Rb8 10. d3 Be6 11. Be3 Qd7 12. Nd2 b6 13. Qa4 b5 14. Qc2 Rc8 15. Nce4
Nd5 16. Rfc1 Nxe3 17. fxe3 Nd8 18. b4 cxb4 19. Qxc8 Qxc8 20. Rxc8 Bxc8 21. axb4
f5 22. Nc3 a6 23. Nd5 Bd6 24. Rc1 Bb7 25. Nb3 Bxd5 26. Bxd5 Bxb4 27. Ra1 a5 28.
Nxa5 Bc5 29. d4 Bb6 30. Nb3 Kd7 31. Ra6 Kc7 32. Nc5 h5 33. Nd7 Rh6 34. Nxb6
Rxb6 35. Ra7+ Kd6 36. Bb3 Ne6 37. Rf7 exd4 38. Rxf5 dxe3 39. Rxh5 Nc5 40. Bg8
Rb8 41. Bf7 Ne6 42. Kg2 b4 43. Bg6 Rf8 44. Rb5 Rf2+ 45. Kh3 Rxe2 46. Rxb4 Rf2
47. Kh4 e2 48. Re4 Kd5 49. Re3 Nd4 0-1

[Event "Rusia ch Superfinal"]
[Site "Moscú RUS"]
[Date "2006.12.06"]
[Round "4.6"]
[White "Khairullin, Ildar"]
[Black "Najer, Evgeniy"]
[Result "1/2-1/2"]
[WhiteElo "2543"]
[BlackElo "2648"]
[PlyCount "40"]
[EventDate "2006.12.03"]
[EventType "tourn"]
[EventRounds "11"]
[EventCountry "RUS"]
[EventCategory "15"]
[Source "lmi"]
[SourceDate "2006.12.03"]

1. e4 e6 2. d4 d5 3. Nd2 dxe4 4. Nxe4 Nd7 5. Nf3 Ngf6 6. Nxf6+ Nxf6 7. c3 c5 8.
Ne5 a6 9. Be3 Qc7 10. Qa4+ Nd7 11. Bb5 cxd4 12. Nxd7 Bxd7 13. Bxd7+ Qxd7 14.
Qxd4 Qxd4 15. Bxd4 Bd6 16. O-O-O Ke7 17. Rd3 Rac8 18. Rhd1 Rc6 19. g3 Rg8 20.
Kc2 h5 1/2-1/2

[Event "Rusia ch Superfinal"]
[Site "Moscú RUS"]
[Date "2006.12.08"]
[Round "5.1"]
[White "Najer, Evgeniy"]
[Black "Grigoriants, Sergey"]
[Result "0-1"]
[WhiteElo "2648"]
[BlackElo "2582"]
[PlyCount "76"]
[EventDate "2006.12.03"]
[EventType "tourn"]
[EventRounds "11"]
[EventCountry "RUS"]
[EventCategory "15"]
[Source "lmi"]
[SourceDate "2006.12.03"]

1. e4 c5 2. Nf3 d6 3. d4 cxd4 4. Nxd4 Nf6 5. Nc3 a6 6. f3 e6 7. Be3 b5 8. g4 h6
9. Qd2 b4 10. Nce2 e5 11. Nb3 Nc6 12. Ng3 Qc7 13. O-O-O a5 14. Kb1 a4 15. Nc1
Be6 16. Bb5 Qb7 17. Bxc6+ Qxc6 18. Nd3 d5 19. Nxb4 Bxb4 20. Qxb4 d4 21. Bf2 Nd7
22. Nh5 Rg8 23. Bxd4 exd4 24. Qxd4 Rc8 25. Rd2 Qc4 26. Qxc4 Rxc4 27. Rhd1 Ke7
28. h3 g5 29. Rxd7+ Bxd7 30. Rxd7+ Kxd7 31. Nf6+ Ke6 32. Nxg8 Rc8 33. Nxh6 Rh8
34. Nf5 Rxh3 35. Kc1 Ke5 36. c4 Rxf3 37. c5 Kxe4 38. Kc2 Kd5 0-1

[Event "Rusia ch Superfinal"]
[Site "Moscú RUS"]
[Date "2006.12.08"]
[Round "5.2"]
[White "Rublevsky, Sergei"]
[Black "Khairullin, Ildar"]
[Result "1/2-1/2"]
[WhiteElo "2688"]
[BlackElo "2543"]
[PlyCount "50"]
[EventDate "2006.12.03"]
[EventType "tourn"]
[EventRounds "11"]
[EventCountry "RUS"]
[EventCategory "15"]
[Source "lmi"]
[SourceDate "2006.12.03"]

1. e4 c5 2. Nc3 d6 3. Nge2 Nf6 4. g3 Nc6 5. Bg2 g6 6. d3 Bg7 7. h3 Rb8 8. Be3
O-O 9. Qd2 b5 10. O-O b4 11. Nd1 a5 12. Bh6 Nd4 13. Bxg7 Kxg7 14. f4 e5 15. Kh2
Nh5 16. f5 h6 17. Ne3 Nf6 18. a3 Bd7 19. axb4 Nxe2 20. Qxe2 axb4 21. Ra7 Ra8
22. Rxa8 Qxa8 23. c3 bxc3 24. bxc3 g5 25. d4 cxd4 1/2-1/2

[Event "Rusia ch Superfinal"]
[Site "Moscú RUS"]
[Date "2006.12.08"]
[Round "5.3"]
[White "Vitiugov, Nikita"]
[Black "Nepomniachtchi, Ian"]
[Result "1/2-1/2"]
[WhiteElo "2596"]
[BlackElo "2545"]
[PlyCount "117"]
[EventDate "2006.12.03"]
[EventType "tourn"]
[EventRounds "11"]
[EventCountry "RUS"]
[EventCategory "15"]
[Source "lmi"]
[SourceDate "2006.12.03"]

1. d4 d5 2. c4 c6 3. Nf3 e6 4. Nbd2 Nf6 5. g3 Nbd7 6. Bg2 Be7 7. O-O O-O 8. Qc2
b6 9. e4 Nxe4 10. Nxe4 dxe4 11. Qxe4 Bb7 12. Rd1 Qc8 13. Ne5 Nxe5 14. dxe5 Rb8
15. Qg4 Rd8 16. Bh6 Bf8 17. h4 Qc7 18. Bg5 Rxd1+ 19. Rxd1 c5 20. Bxb7 Rxb7 21.
Qe4 h6 22. Bf4 Be7 23. h5 Rb8 24. b3 Rd8 25. Rxd8+ Bxd8 26. Be3 Qd7 27. Kg2 a5
28. a4 Be7 29. Qa8+ Kh7 30. Qe4+ Kg8 31. Qa8+ Kh7 32. Qf3 Kg8 33. Qe2 Bd8 34.
f3 Bc7 35. Bf2 Qc6 36. g4 Bb8 37. Bg3 Bc7 38. Qd3 Qe8 39. Kf2 Qc6 40. Ke3 Kh8
41. Kf2 Kg8 42. f4 Qe8 43. Qe4 Qd7 44. Ke2 Bd8 45. Bf2 Be7 46. Be3 Qd8 47. Qc6
Kh7 48. Qg2 Qd7 49. Qe4+ g6 50. Qh1 Bf8 51. g5 hxg5 52. hxg6+ Kxg6 53. Qe4+ Kg7
54. fxg5 Qd8 55. Qh1 Kg8 56. Qe4 Kg7 57. Qh1 Kg8 58. Qg2 Kg7 59. Qh1 1/2-1/2

[Event "Rusia ch Superfinal"]
[Site "Moscú RUS"]
[Date "2006.12.08"]
[Round "5.4"]
[White "Jakovenko, Dmitrij"]
[Black "Alekseev, Evgeny"]
[Result "1/2-1/2"]
[WhiteElo "2671"]
[BlackElo "2639"]
[PlyCount "90"]
[EventDate "2006.12.03"]
[EventType "tourn"]
[EventRounds "11"]
[EventCountry "RUS"]
[EventCategory "15"]
[Source "lmi"]
[SourceDate "2006.12.03"]

1. e4 c5 2. Nf3 e6 3. d4 cxd4 4. Nxd4 Nc6 5. Nc3 d6 6. Be2 Nf6 7. Be3 Be7 8. f4
O-O 9. O-O e5 10. fxe5 dxe5 11. Nf5 Bxf5 12. Rxf5 Rc8 13. Bd3 Bb4 14. Bg5 Bxc3
15. bxc3 Qb6+ 16. Rf2 Ne8 17. Rb1 Qc5 18. Rxb7 Nd6 19. Rb3 f5 20. exf5 e4 21.
Be2 Rxf5 22. Bh4 Rcf8 23. Qe1 Ne5 24. c4 a5 25. h3 h5 26. Bg3 Ndxc4 27. Bxc4+
Nxc4 28. Qe2 Qd4 29. Rb1 Rxf2 30. Bxf2 e3 31. Be1 Nd2 32. Bxd2 exd2+ 33. Kh1 g6
34. Rd1 Rf2 35. Qe6+ Kg7 36. c4 Kh6 37. Qe8 h4 38. c5 Kh5 39. Qe6 Qxc5 40. Qg4+
Kh6 41. Qxh4+ Kg7 42. Qe4 a4 43. a3 Kh7 44. Qh4+ Kg7 45. Qe4 Kh7 1/2-1/2

[Event "Rusia ch Superfinal"]
[Site "Moscú RUS"]
[Date "2006.12.08"]
[Round "5.5"]
[White "Svidler, Peter"]
[Black "Tomashevsky, Evgeny"]
[Result "1/2-1/2"]
[WhiteElo "2750"]
[BlackElo "2595"]
[PlyCount "84"]
[EventDate "2006.12.03"]
[EventType "tourn"]
[EventRounds "11"]
[EventCountry "RUS"]
[EventCategory "15"]
[Source "lmi"]
[SourceDate "2006.12.03"]

1. e4 e5 2. Nf3 Nc6 3. Bb5 a6 4. Ba4 Nf6 5. O-O b5 6. Bb3 Bb7 7. d3 Be7 8. Re1
O-O 9. a4 d6 10. Nbd2 Na5 11. Ba2 c5 12. Nf1 b4 13. c3 Rb8 14. cxb4 cxb4 15.
Bd2 Bc8 16. Rc1 b3 17. Bxa5 Qxa5 18. Bxb3 Bg4 19. N1d2 Nd7 20. Rb1 Nc5 21. Bc4
Qxa4 22. b3 Qb4 23. h3 Bxf3 24. Nxf3 a5 25. d4 Nd7 26. Ra1 Bf6 27. Ra4 Qb6 28.
dxe5 Nxe5 29. Nxe5 Bxe5 30. Qd2 Ra8 31. Rd1 Ra7 32. Kh1 Rd8 33. Qe1 Rc8 34. g3
g6 35. Kg2 Kg7 36. Rd5 Rc5 37. Qe3 Rb7 38. Rxc5 dxc5 39. Qd2 Ra7 40. Qd5 Bc3
41. Ra2 Qb7 42. Qxb7 Rxb7 1/2-1/2